PHP 6 začínáme programovat /

Salvato in:
Dettagli Bibliografici
Autore principale: Procházka, David (Autore)
Natura: Libro
Lingua:ceco
Pubblicazione: Praha : Grada Publishing, a. s., 2012
Edizione:1. vyd.
Tags: Aggiungi Tag
Nessun Tag, puoi essere il primo ad aggiungerne!!

MARC

LEADER 00000nam a22000003a 4500
001 0003889
003 SK-STU
005 20160119141601.3
007 ta
008 150409s ----xo-----e------000-0-----d
020 |a 978-80-247-3899-4 
040 |a STU  |b slo 
041 0 |a cze 
044 |a xr 
080 |a 681.3 
100 1 |a Procházka, David  |4 aut 
245 1 0 |a PHP 6 začínáme programovat /  |c aut. David Procházka 
250 |a 1. vyd. 
260 |a Praha :  |b Grada Publishing, a. s.,  |c 2012 
300 |a 183 s. 
996 |b 284EK89484  |c E* 89484  |l EE01  |s A  |a 24  |w 0003889_0001